000 00750nam a2200241 a 4500
003 (BD-SpBAUS)
005 20260219123845.0
008 260219r20132007ii a|||| |||| 001 0 eng d
020 _a817409220X
040 _aBD-SpBAUS
_cBD-SpBAUS
041 _aeng
082 _a388.312
_bKAT 2013
100 _aKadiyali, L.R.
_92392
245 _aTraffic Engineering and Transport Planning /
_cL.R. Kadiyali.
250 _a7th ed.
260 _aNew Delhi :
_bKhanna Publishers,
_c2007 [Reprint 2013].
300 _axxiv, 913 p. :
_bill. ;
_c22 cm
504 _aincludes index and references
650 _aTraffic engineering
_92393
650 _aTransportation Planning
_92394
856 _uhttps://search.worldcat.org/title/957132744
942 _2ddc
_cBK
_n0
999 _c971
_d971